[Event "49th National Challengers ch-IND"]
[Site "Aurangabad IND"]
[Date "2011.06.21"]
[Round "8"]
[White "Sharma,Di"]
[Black "Gusain,H"]
[Result "1-0"]
[WhiteElo "2348"]
[BlackElo "2224"]

1.e4 c5 2.Nf3 e6 3.d4 cxd4 4.Nxd4 a6 5.Bd3 Qc7 6.O-O Nf6 7.Qe2 d6 8.f4 Be7
9.c4 Nbd7 10.b3 b6 11.Bb2 Bb7 12.Nd2 O-O 13.Kh1 Rfe8 14.Nxe6 fxe6 15.e5 h6
16.exf6 Bxf6 17.Bxf6 Nxf6 18.Bg6 Re7 19.Nf3 Bxf3 20.Rxf3 Nd7 21.Rd1 Nf8 22.Be4 Rd8
23.Re3 Kh8 24.g3 d5 25.cxd5 exd5 26.Bf3 Red7 27.Qxa6 d4 28.Re2 Rd6 29.Qb5 d3
30.Red2 Qc3 31.Qc4 Qxc4 32.bxc4 Ne6 33.Bd5 Nc5 34.Rb1 R8d7 35.Kg2 Ra7 36.Kf3 g6
37.Ke3 Kg7 38.Kd4 Re7 39.Kc3 Kf6 40.Ra1 Rd8 41.a4 Ra7 42.Rb2 Nxa4+ 43.Kd2 Rdd7
44.Rba2 b5 45.Bc6 Re7 46.Ra3 Rac7 47.cxb5 Nb2 48.Rxd3 Nxd3 49.Kxd3 Re6 50.Ra6 g5
51.fxg5+ hxg5 52.Kd4 Ke7 53.Bd5 Rd6 54.Ke5 Rcd7 55.Bc6 Rc7 56.Ra8 Rd8 57.Ra2 Rf8
58.Re2 Kd8 59.Kd6 Kc8 60.Ra2 Rf6+ 61.Kc5 Kd8 62.Re2 Re7 63.Ra2 Rc7 64.Kb6 Rh6
65.Rf2 Rch7 66.Rf5 Rg7 67.Rd5+ Kc8 68.Re5 Rg8 69.Re2 Rgh8 70.Ra2 Kd8 71.Ra8+ Ke7
72.Rxh8 Rxh8 73.Kc7 Rh7 74.Bd7 Rxh2 75.b6 Rb2 76.Bc6 g4 77.b7 Ke6 78.b8=Q Rxb8
79.Kxb8 Ke5 80.Bd7 Ke4 81.Bxg4 Ke3 82.Bd1  1-0

[Event "Baltija Cup Open A"]
[Site "Palanga LTU"]
[Date "2011.06.21"]
[Round "4.21"]
[White "Lukosius,Rimvydas"]
[Black "Smilga,K"]
[Result "1/2-1/2"]
[WhiteElo "1851"]
[BlackElo "2150"]

1.e4 c5 2.Nf3 e6 3.d4 cxd4 4.Nxd4 a6 5.Bd3 Qc7 6.O-O Nc6 7.Be3 Nf6 8.Nd2 d5
9.Nxc6 bxc6 10.c4 dxe4 11.Nxe4 Nxe4 12.Bxe4 f5 13.Bf4 Qb6 14.Bf3 Be7 15.Bd6 Bf6
16.c5 Qb7 17.Rb1 Kf7 18.b4 e5 19.g4 e4 20.Bg2 g6 21.gxf5 Bxf5 22.Rb3 Rhe8
23.Qd2 Qb5 24.Bh3 Bxh3 25.Rxh3 Kg8 26.Qf4 Bh8 27.a3 Ra7 28.Re1 Qc4 29.Rf3 Bg7
30.Qg4 Bc3 31.Rc1 h5 32.Qh4 Bf6 33.Rxc4 Bxh4 34.Re3 Bg5 35.Rexe4 Rxe4 36.Rxe4 Kf7
37.Kg2 Bc1 38.a4 Rb7 39.Bf4 Ba3 40.Bd2 Rd7 41.Be1 Rd3 42.Re3 Rxe3 43.fxe3 Ke6
44.Kf3 g5 45.h3 Ke5 46.Bc3+ Kd5 47.e4+ Ke6 48.Ke3 Bc1+ 49.Kd3 g4 50.hxg4 hxg4
51.Be1 Bf4 52.Bf2 Bh2 53.Be3 Ke5 54.Bd4+ Ke6 55.Ke2 Bf4 56.Bg1 g3 57.Kd3 Ke5
58.Bd4+ Ke6 59.Kc4 Bd2 60.b5 cxb5+ 61.axb5 axb5+ 62.Kxb5 Be1 63.Be3 Bf2 64.Bf4 g2
65.Bh2 g1=Q 66.Bxg1 Bxg1 67.Kc6 Ke5  1/2-1/2

[Event "25th Open Pula"]
[Site "Pula CRO"]
[Date "2011.06.21"]
[Round "5.30"]
[White "Srbis,J"]
[Black "Pregarac,V"]
[Result "1-0"]
[WhiteElo "2278"]
[BlackElo "2091"]

1.e4 c5 2.Nf3 e6 3.d4 cxd4 4.Nxd4 a6 5.Bd3 Nf6 6.O-O Qc7 7.Qe2 Nc6 8.Nxc6 dxc6
9.e5 Nd7 10.Bf4 Nc5 11.Nc3 Nxd3 12.Qxd3 f5 13.Rad1 Be7 14.Qg3 O-O 15.Bh6 Rf7
16.Bg5 Bd7 17.Bxe7 Rxe7 18.Rd6 Be8 19.Rfd1 Bh5 20.R1d2 Rf8 21.Qg5 Bf7 22.Na4 h6
23.Qh4 Kh7 24.Qb4 b5 25.Nc5 a5 26.Qd4 Rfe8 27.h3 Qb6 28.Nd7 Qxd4 29.R2xd4 Rc8
30.Nc5 Kg8 31.Rd8+ Re8 32.Rxe8+ Rxe8 33.Rd6 Rc8 34.Kf1 Kf8 35.Nxe6+ Bxe6
36.Rxe6 Kf7 37.Rd6 f4 38.Ke2 Re8 39.Rxc6 Rxe5+ 40.Kf3 Rf5 41.a3 h5 42.b4 a4
43.c4 bxc4 44.Rxc4 Rd5 45.Rxf4+ Ke6 46.Ke3 Rd1 47.Rd4 Re1+ 48.Kf4 Rb1 49.Kg5  1-0

[Event "ch-Commonwealth RSA-Open"]
[Site "Ekurhuleni RSA"]
[Date "2011.06.24"]
[Round "10"]
[White "Huschenbeth,N"]
[Black "Bouah,L"]
[Result "1-0"]
[WhiteElo "2502"]
[BlackElo "2147"]

1.e4 c5 2.Nf3 e6 3.d4 cxd4 4.Nxd4 a6 5.Bd3 b5 6.O-O Bb7 7.a4 b4 8.Nd2 d6
9.Kh1 Nf6 10.Qe2 Nbd7 11.f4 Qc7 12.N2f3 e5 13.Nf5 Nc5 14.Bd2 a5 15.Bb5+ Ncd7
16.fxe5 dxe5 17.Bg5 O-O-O 18.c3 b3 19.Rad1 h6 20.Bxd7+ Rxd7 21.Bxh6 gxh6
22.Nd2 Qc6 23.Ne3 Ba6 24.c4 Bb4 25.Nd5 Rxd5 26.exd5 Qxd5 27.Ne4  1-0

[Event "ch-Commonwealth RSA-Open"]
[Site "Ekurhuleni RSA"]
[Date "2011.06.24"]
[Round "10"]
[White "Stevens,T"]
[Black "Sachdev,T"]
[Result "1/2-1/2"]
[WhiteElo "2087"]
[BlackElo "2416"]

1.e4 c5 2.Nf3 e6 3.d4 cxd4 4.Nxd4 a6 5.Bd3 Nf6 6.O-O Qc7 7.Qe2 d6 8.c4 g6
9.Nc3 Bg7 10.Be3 O-O 11.Rac1 Nc6 12.Rfd1 Ne5 13.f3 Bd7 14.b3 Rac8 15.Qf2 Nxd3
16.Rxd3 b5 17.cxb5 axb5 18.Nde2 Qb8 19.Ba7 Qb7 20.Rxd6 b4 21.Nd1 Rxc1 22.Nxc1 Rc8
23.Be3 Bc6 24.Qd2 Qc7 25.Rd4 Bxe4 26.Rc4 Bc6 27.Qxb4 Nd5 28.Qe1  1/2-1/2

[Event "HSG Open"]
[Site "Hilversum NED"]
[Date "2011.06.24"]
[Round "2"]
[White "Klein,Da"]
[Black "Breedveld,A"]
[Result "1-0"]
[WhiteElo "2359"]
[BlackElo "2117"]

1.e4 c5 2.Nf3 e6 3.d4 cxd4 4.Nxd4 a6 5.Bd3 Bc5 6.Nb3 Be7 7.Be3 b6 8.N1d2 d6
9.f4 Nf6 10.Qf3 Bb7 11.O-O-O Nbd7 12.g4 Nc5 13.Nxc5 dxc5 14.g5 Nd7 15.Qh3 g6
16.Rhf1 Qc7 17.f5 e5 18.fxg6 fxg6 19.Qe6 Rf8 20.Nc4 Qc6 21.Rxf8+ Nxf8 22.Qxe5 Bc8
23.Nd6+  1-0

[Event "4th Sveins Minneturering"]
[Site "Oslo NOR"]
[Date "2011.06.24"]
[Round "5"]
[White "Tari,A"]
[Black "Arnold,Mar"]
[Result "0-1"]
[WhiteElo "2169"]
[BlackElo "2432"]

1.e4 c5 2.Nf3 e6 3.d4 cxd4 4.Nxd4 a6 5.Bd3 Bc5 6.Nb3 Be7 7.Qg4 g6 8.Qe2 d6
9.a4 b6 10.Na3 Nd7 11.Nc4 Bb7 12.O-O Qc7 13.Rd1 Ngf6 14.Bf4 O-O 15.Qe3 Rad8
16.Rd2 e5 17.Bg3 Rfe8 18.f3 d5 19.exd5 Nxd5 20.Qf2 f5 21.Qf1 Bg5 22.Re2 h5
23.Rae1 h4 24.Bxe5 Nxe5 25.Nxe5 Nf4 26.Nxg6 Nxe2+ 27.Rxe2 Qd6 28.Bxf5 Be3+
29.Kh1 Qf6 30.Bd3 h3 31.Nd2 Bxd2 32.Rxd2 Qg5 33.Re2 Rxe2 34.Qxe2 Rxd3 35.Qe8+ Kg7
36.Qh8+ Kxg6 37.Qg8+ Kf6 38.Qf8+ Ke6  0-1

[Event "4th Sveins Memorial"]
[Site "Oslo NOR"]
[Date "2011.06.24"]
[Round "7"]
[White "Ellingsrud,Bjorn"]
[Black "Bue,G"]
[Result "1/2-1/2"]
[WhiteElo "1759"]
[BlackElo "1814"]

1.e4 c5 2.Nf3 e6 3.d4 cxd4 4.Nxd4 a6 5.Bd3 Nc6 6.Be3 Nxd4 7.Bxd4 Ne7 8.c4 Nc6
9.Bc3 e5 10.Nd2 Bb4 11.Bxb4 Nxb4 12.Nf3 d6 13.O-O O-O 14.h3 Be6 15.Be2 Qe7
16.a3 Nc6 17.Qc2 Rac8 18.Qd2 h6 19.Rfd1 Rfd8 20.Qe3 f5 21.exf5 Bxf5 22.Rd2 Rd7
23.Rad1 Rcd8 24.Ne1 Nd4 25.Bg4 Bxg4 26.hxg4 Qf7 27.Qc3 Rc8 28.b3 b5 29.Nc2 Nxc2
30.Rxc2 bxc4 31.Qb4 d5 32.Rdc1 Qf4 33.bxc4 Rdc7 34.Qd6 dxc4 35.Qxa6 Qxg4
36.a4 Qe4 37.Qb5 Rc5 38.Qb6 Qc6 39.Qb4 Qd5 40.Ra1 Qd3 41.Rd2 Qb3 42.Rb2 Qxb4
43.Rxb4 c3 44.Kf1 c2 45.Rc1 Rc4 46.Rb2 Kf7 47.Ra2 Ke6 48.Ke2 Kd5 49.Kd2 Rd4+
50.Ke2 e4 51.Raxc2 Rxc2+ 52.Rxc2 Rxa4 53.Rd2+ Ke5 54.g3 Rb4 55.Ra2 Ke6 56.Ra6+ Kf5
57.Ra5+ Kg4 58.Ke3 g5 59.Ra2 Kh5 60.Ra1 Kg6 61.Rh1 Kg7 62.g4  1/2-1/2

[Event "61st ch-RUS HL w"]
[Site "Taganrog RUS"]
[Date "2011.06.24"]
[Round "8"]
[White "Bukhteeva,V"]
[Black "Vasilevich,I"]
[Result "1/2-1/2"]
[WhiteElo "2178"]
[BlackElo "2342"]

1.e4 c5 2.Nf3 e6 3.d4 cxd4 4.Nxd4 a6 5.Bd3 Qc7 6.O-O Nf6 7.Qe2 d6 8.Kh1 Nc6
9.Nxc6 bxc6 10.f4 d5 11.e5 Nd7 12.Nd2 Nc5 13.Nf3 Be7 14.Be3 a5 15.Bxc5 Bxc5
16.Ng5 Qe7 17.Qg4 g6 18.c4 Ba6 19.Rfd1 Kf8 20.cxd5 cxd5 21.Bxa6 Rxa6 22.Rxd5 h6
23.Nf3 h5 24.Qh3 Rb6 25.Rd2 Be3 26.Rd3 Bxf4 27.Rad1 Rb7 28.g3 Bh6 29.Qg2 Kg7
30.Nd4 Rc7 31.Nc6 Qc5 32.Rc3 Qb6 33.Rd6 Rhc8 34.h4 Qb5 35.Na7 Rxc3 36.Nxb5 Rc1+
37.Kh2 R8c2 38.Na3 Rxg2+ 39.Kxg2 Ra1 40.Nc4 Rxa2 41.Rd7 Kg8 42.Rd8+ Bf8 43.Ra8 a4
44.Kf3 Ra1 45.Nd6 Rf1+ 46.Ke4 Rf2 47.Nc4  1/2-1/2

[Event "7th Lazy Open"]
[Site "Lazy POL"]
[Date "2011.06.25"]
[Round "1.1"]
[White "Warakomska,A"]
[Black "Olszewski,Mi"]
[Result "0-1"]
[WhiteElo "2181"]
[BlackElo "2542"]

1.e4 c5 2.Nf3 e6 3.d4 cxd4 4.Nxd4 a6 5.Bd3 Bc5 6.Nb3 Be7 7.O-O d6 8.Nc3 Nf6
9.Qe2 b5 10.a4 b4 11.Na2 Nc6 12.c3 bxc3 13.bxc3 d5 14.e5 Ne4 15.c4 Nxe5 16.Bxe4 dxe4
17.Qxe4 Rb8 18.Bf4 Rxb3 19.Bxe5 f6 20.Bc3 O-O 21.Rfb1 Ra3 22.a5 Qd7 23.Qc2 Bb7
24.Nb4 Rxa1 25.Rxa1 Ba8 26.Rb1 Rb8 27.Rb2 Rd8 28.Rb1 Kf7 29.f3 Qc7 30.Qe2 Qxa5
31.Kh1 Qb6 32.Rb2 Qc7 33.Rb1 a5 34.Nc2 a4 35.Nd4 e5 36.Nf5 Bf8 37.Ne3 a3
38.Qc2 Qc5 39.Qe2 Bc6 40.Bb4 a2  0-1

[Event "TCh-SUI 2011"]
[Site "Switzerland SUI"]
[Date "2011.06.26"]
[Round "5.2"]
[White "Istratescu,A"]
[Black "Forster,Ri"]
[Result "0-1"]
[WhiteElo "2613"]
[BlackElo "2456"]

1.e4 c5 2.Nf3 e6 3.d4 cxd4 4.Nxd4 a6 5.Bd3 Bc5 6.Nb3 Be7 7.Qg4 g6 8.Qe2 d6
9.O-O Nc6 10.a4 Nf6 11.Bh6 Bf8 12.Bxf8 Kxf8 13.Nc3 Kg7 14.Rad1 Qc7 15.f4 Re8
16.Kh1 e5 17.Nd5 Nxd5 18.exd5 Nb4 19.f5 Nxd5 20.Qf3 Nf4 21.f6+ Kh8 22.Be4 Re6
23.Qg3 Rxf6 24.Qh4 Kg7 25.g3 Nh5 26.Bf3 Bd7 27.Bxh5 Bc6+ 28.Kg1 Qb6+ 29.Nd4 Rxf1+
30.Kxf1 exd4 31.Be2 Qxb2 32.Qxd4+ Qxd4 33.Rxd4 Kf6 34.Rf4+ Ke6 35.Bc4+ d5
36.Bd3 a5 37.Ke2 g5 38.Rd4 Ke5 39.c3 f5 40.g4 f4  0-1

[Event "64th ch-RUS HL"]
[Site "Taganrog RUS"]
[Date "2011.06.26"]
[Round "11"]
[White "Sek,K"]
[Black "Stukopin,A"]
[Result "1-0"]
[WhiteElo "2432"]
[BlackElo "2471"]

1.e4 c5 2.Nf3 e6 3.d4 cxd4 4.Nxd4 a6 5.Bd3 Bc5 6.Nb3 Be7 7.O-O d6 8.Nc3 Nf6
9.f4 Qc7 10.e5 dxe5 11.fxe5 Nfd7 12.Bf4 Nxe5 13.Kh1 Nbc6 14.Qh5 g6 15.Qh6 Bf8
16.Qg5 f5 17.Rae1 Bd6 18.Qf6 Rf8 19.Qh4 Bd7 20.Bb5 Be7 21.Qxh7 axb5 22.Nxb5 Qb6
23.c4 O-O-O 24.Bxe5 Nxe5 25.Rxe5 Bf6 26.Rc5+ Kb8 27.Qxg6 Bc6 28.Qh6 e5 29.Rxc6 bxc6
30.Nc3 Qb4 31.Qe3 e4 32.Nb5 Rf7 33.Qb6+ Rb7 34.Qxc6 Be7 35.Qa6 Bc5 36.Na5 Rxb5
37.cxb5  1-0

[Event "ch-UAE"]
[Site "Abu Dhabi UAE"]
[Date "2011.06.28"]
[Round "4"]
[White "Khouri,I"]
[Black "Faisal,Ab"]
[Result "1-0"]
[WhiteElo "2227"]
[BlackElo "2275"]

1.e4 c5 2.Nf3 e6 3.d4 cxd4 4.Nxd4 a6 5.Bd3 Qc7 6.Nc3 Nf6 7.Qe2 d6 8.f4 Nbd7
9.g4 Nc5 10.g5 Nfd7 11.Bd2 g6 12.h4 Bg7 13.Nf3 b5 14.a3 Nb6 15.f5 Bd7 16.f6 Bf8
17.O-O-O O-O-O 18.h5 Rg8 19.hxg6 hxg6 20.Rh7 Bc6 21.Nd4  1-0

[Event "Ladislava Kotana Mem"]
[Site "Kosice SVK"]
[Date "2011.06.28"]
[Round "5"]
[White "Zambor,N"]
[Black "Pastir,S"]
[Result "1-0"]
[WhiteElo "2280"]
[BlackElo "2059"]

1.e4 c5 2.Nf3 e6 3.d4 cxd4 4.Nxd4 a6 5.Bd3 Nc6 6.Nxc6 dxc6 7.O-O Bd6 8.f4 e5
9.f5 Bc5+ 10.Kh1 Nf6 11.Qe2 b5 12.a4 Bb7 13.Bg5 Qc7 14.Nc3 Rd8 15.axb5 axb5
16.Nd1 Ra8 17.Rxa8+ Bxa8 18.Rf3 Bb7 19.Rg3 Qd6 20.Bd2 Kf8 21.c3 Bb6 22.Be3 Bxe3
23.Rxe3 Ke7 24.Bc2 Rd8 25.Rd3 Qc7 26.Nf2 Rxd3 27.Bxd3 Qd6 28.h3 g6 29.fxg6 fxg6
30.Qe3 Kf7 31.Qa7 Qd7 32.Be2 Qe7 33.c4 c5 34.cxb5 Nxe4 35.Bc4+ Kf8 36.Qb8+ Kg7
37.Qg8+ Kh6 38.Ng4+ Kg5 39.Qh8 Kf4 40.Kh2 Nd6 41.Bg8 Nf5 42.Bxh7 Qd6 43.Bxg6 Qd5
44.Qxe5+ Qxe5 45.g3+ Ke4 46.Nxe5 Kxe5 47.Bxf5 Kxf5 48.h4 c4 49.b6 Ke5 50.h5 Kd6
51.g4 Be4 52.Kg3 Kc6 53.Kf4 Bc2 54.Ke5 Kxb6 55.Kf6 Kc5 56.g5 Kb4 57.g6 Kb3
58.h6 Bxg6 59.Kxg6 Kxb2 60.h7 c3 61.h8=Q Kb3 62.Kf5  1-0

[Event "XIX Open A"]
[Site "Montcada i Reixac ESP"]
[Date "2011.06.28"]
[Round "4"]
[White "Delgado Ramos,H"]
[Black "Cuartas,Ja"]
[Result "1-0"]
[WhiteElo "2480"]
[BlackElo "2542"]

1.e4 c5 2.Nf3 e6 3.d4 cxd4 4.Nxd4 a6 5.Bd3 Qc7 6.O-O Nf6 7.c4 d6 8.Nc3 Nbd7
9.Be3 g6 10.Nf3 Bg7 11.Be2 O-O 12.Bf4 e5 13.Be3 Nc5 14.Nd2 Be6 15.b4 Ncd7
16.Rc1 Rfc8 17.Nd5 Qd8 18.Qb3 Qf8 19.Qd3 Bxd5 20.cxd5 Bh6 21.Nb3 Bxe3 22.Qxe3 Rxc1
23.Rxc1 Rc8 24.Bd3 Qd8 25.g3 Rxc1+ 26.Qxc1 Kg7 27.Kg2 h5 28.Qc2 h4 29.Be2 hxg3
30.hxg3 Nf8 31.Bd3 N8h7 32.Qd2 Ng4 33.f3 Ngf6 34.g4 Nd7 35.a3 g5 36.Na5 Ndf8
37.Qe3 Qc7 38.Nc4 Ng6 39.Bf1 Qd8 40.Kf2 Nf6 41.Qb6 Qh8 42.Nxd6 Qh4+ 43.Ke2 Nf4+
44.Kd1 Qh1 45.Nf5+ Kg6 46.Qf2 b5 47.d6 Nd7 48.Kc2 Nf6 49.Kb2 Nd7 50.a4 bxa4
51.Ka3 Nd3 52.Qg2 Qxg2 53.Bxg2 Nb6 54.Bf1 Ne1 55.Bxa6 Nc2+ 56.Kb2 Nd4 57.Nxd4 exd4
58.e5 Kg7 59.Bb5 Kf8 60.Ka3 Nd5 61.Bxa4 d3 62.b5 d2 63.Kb2 Ne3 64.Bb3 Ke8
65.b6 Nc4+ 66.Kc2 Nxb6 67.Kxd2 Kf8 68.Ke3 Nd7 69.Kd4  1-0

[Event "TCh-TUR 2011"]
[Site "Konya TUR"]
[Date "2011.06.30"]
[Round "3"]
[White "Guven,B"]
[Black "Komut,K"]
[Result "0-1"]
[WhiteElo "1856"]
[BlackElo "1917"]

1.e4 c5 2.Nf3 e6 3.d4 cxd4 4.Nxd4 a6 5.Bd3 Bc5 6.Nb3 Ba7 7.Qe2 Nc6 8.Be3 Nge7
9.f4 d6 10.O-O O-O 11.Nc3 Nb4 12.Bxa7 Rxa7 13.Kh1 b5 14.a4 Nxd3 15.Qxd3 b4
16.Ne2 a5 17.Ned4 Ba6 18.Nb5 Bxb5 19.Qxb5 Qc7 20.Qd3 d5 21.e5 Qc4 22.Nd4 Rd7
23.Rfd1 Rc8 24.Qh3 Qa6 25.Rac1 Rdc7 26.Qd3 Qxd3 27.Rxd3 Rc4 28.g3 g6 29.Kg2 Nf5
30.Nb3 Rxc2+ 31.Rxc2 Rxc2+ 32.Rd2 Rxd2+ 33.Nxd2 Kf8 34.Kf3 Nd4+ 35.Ke3 Nc6
36.Nb3 Ke7 37.Nc5 Kd8 38.Nb7+ Ke7 39.Nc5 Kd8 40.Nb7+ Kd7 41.Kd3 Ke7 42.Ke3 f6
43.b3 h5 44.h4 Kf8 45.Nc5 Kf7 46.Nb7 Ke7 47.Kd2 fxe5 48.fxe5 Kf7 49.Ke3 Ke7
50.Kf4 Nd8 51.Nc5 Nf7 52.Nb7 Kd7 53.Nc5+ Ke7 54.Nb7 Nd8 55.Ke3 Nc6 56.Kf4 Nd8
57.Nc5 Nf7 58.Nb7 Kd7 59.Nc5+ Ke7 60.Nb7 Nd8 61.Nc5 Kf7 62.Ke3 Nc6 63.Nb7 Kg8
64.Kf4 Kf7 65.Ke3 g5 66.hxg5 Kg6 67.Kf4 d4 68.Nc5 Nd8 69.Ke4 Kxg5 70.Kxd4 Kf5
71.Nd3 Nc6+ 72.Kc5 Nxe5 73.Nf2 Nd7+ 74.Kb5 e5 75.Kxa5 e4 76.Nxe4 Kxe4 77.Kxb4 Kf3
78.a5 Nb8 79.Kb5 Kxg3 80.Kb6 h4 81.Kb7 Nd7 82.b4 h3 83.Kc7 Ne5 84.b5 h2 85.b6 h1=Q
86.b7 Qc6+ 87.Kb8 Nd7+ 88.Ka7 Qc7  0-1

[Event "ch-UAE"]
[Site "Abu Dhabi UAE"]
[Date "2011.07.01"]
[Round "8"]
[White "Khouri,A"]
[Black "Faisal,Ab"]
[Result "1/2-1/2"]
[WhiteElo "2030"]
[BlackElo "2275"]

1.e4 c5 2.Nf3 e6 3.d4 cxd4 4.Nxd4 a6 5.Bd3 Qc7 6.Nc3 Nf6 7.O-O Nc6 8.Be3 Ne5
9.h3 d6 10.a4 Be7 11.f4 Nxd3 12.cxd3 O-O 13.Qb3 Bd7 14.Nf3 Bc6 15.Rfc1 Rfc8
16.d4 Qb8 17.d5 exd5 18.Nxd5 Bd8 19.Nd2 b5 20.axb5 axb5 21.Bd4 Rxa1 22.Rxa1 Bxd5
23.exd5 Bb6 24.Nf3 Bxd4+ 25.Nxd4 Qb6 26.Qc3 Re8 27.Kh2 Nxd5 28.Qd2 Nf6 29.Ra5 b4
30.Rb5 Qc7 31.Qxb4 d5 32.Nf3 h6 33.Rb7 Qc1 34.Ne5 Ne4 35.Rxf7 Nf2 36.Rxg7+ Kxg7
37.Qb7+ Kh8 38.Nf7+ Kg8 39.Nxh6+ Kh8 40.Nf7+  1/2-1/2

[Event "Ladislava Kotana Mem"]
[Site "Kosice SVK"]
[Date "2011.07.01"]
[Round "8"]
[White "Mazur,Ste"]
[Black "Zambor,N"]
[Result "1/2-1/2"]
[WhiteElo "2372"]
[BlackElo "2280"]

1.e4 c5 2.Nf3 e6 3.d4 cxd4 4.Nxd4 a6 5.Bd3 Nc6 6.Nxc6 dxc6 7.O-O e5 8.Nd2 Ne7
9.Nc4 Ng6 10.Qh5 Bd6 11.Bg5 f6 12.Rad1 fxg5 13.Be2 O-O 14.Nxd6 Qf6 15.Bc4+ Be6
16.Bxe6+ Qxe6 17.Qxg5 h6 18.Qg3 Nf4 19.Qb3 Qxb3 20.axb3 Ne2+ 21.Kh1 Nd4 22.c3 Nxb3
23.Nxb7 Rab8 24.Nd6 Nc5 25.b4 Na4 26.Rc1 c5 27.Ra1 Rbd8 28.Rxa4 Rxd6 29.f3 Rc8
30.bxc5 Rxc5 31.c4 a5 32.h3 Rd4 33.Rfa1 Kf7 34.Kh2 Kf6 35.Rxa5 Rdxc4 36.Rxc5 Rxc5
37.Ra6+ Ke7 38.Rb6 Rc2 39.h4 h5 40.Kh3 Rf2 41.Rb8 Rf1 42.Rh8 g6 43.Ra8 Kf6
44.Ra6+ Kf7 45.Kg3 Rh1 46.Rb6 Rf1 47.Kh2 Re1 48.Rb2 Rf1 49.Rb3 Ke6 50.g3 Rf2+
51.Kg1 Re2 52.Rb6+ Kf7 53.Rb1 Kf6 54.Rf1 Ke6 55.Rf2 Re3 56.Kg2 Re1 57.Ra2 Kf6
58.Kf2 Rh1 59.Re2 Rh2+ 60.Kf1 Rh1+ 61.Kg2 Rb1 62.f4 Rb3 63.Ra2 exf4 64.gxf4 Re3
65.Ra6+ Kf7 66.e5 Rb3 67.Ra8 Re3 68.Ra6 Rb3 69.Rf6+ Kg7 70.f5 gxf5 71.Rxf5 Kg6
72.Rg5+ Kf7 73.Rxh5 Ke6 74.Kf2 Rh3 75.Ke2 Kd5 76.Kf2 Ke6 77.Kg2 Re3 78.Rh8 Rxe5  1/2-1/2

[Event "7th A Ermaka Memorial"]
[Site "Zaporizhzhia UKR"]
[Date "2011.07.01"]
[Round "9.7"]
[White "Ziatdinov,R"]
[Black "Kushch,N"]
[Result "1/2-1/2"]
[WhiteElo "2425"]
[BlackElo "2381"]

1.e4 c5 2.Nf3 e6 3.d4 cxd4 4.Nxd4 a6 5.Bd3 Nf6 6.O-O Qc7 7.Re1 d6 8.Nd2 Nbd7
9.a4 g6 10.a5 Bg7 11.Nc4 O-O 12.c3 d5 13.exd5 exd5 14.Ne3 Nc5 15.Be2 Rd8
16.Bf3 Be6 17.Nec2 Nce4 18.Be3 Re8 19.Nb4 Bf8 20.Nd3 Bd6 21.g3 Qc8 22.Bf4 Bf8
23.Nxe6 Qxe6 24.Bg2 Qf5 25.h3 Nc5 26.Rxe8 Rxe8 27.Nb4 Nce4 28.Nc2 h5 29.Nd4 Qc8
30.Nc2 Bc5 31.Nd4 Qd7 32.Qd3 Bd6 33.Bxd6 Qxd6 34.Qc2 Qc7 35.Qc1 Kg7 36.Qf4 Qxf4
37.gxf4 Nc5 38.f5 g5 39.Rd1 Re5 40.b4 Nce4 41.Re1 Re8 42.Re3 Rc8 43.Ne2 Kf8
44.Rd3 Ke7 45.f3 Nd6 46.f4 g4 47.hxg4 hxg4 48.Bxd5 Rc7 49.Ng3 Nxd5 50.Rxd5 Nb5
51.Re5+ Kd8 52.Ne4 Nxc3 53.Nf6 Rc4 54.Re8+ Kc7 55.Re7+ Kc6 56.Rxf7 Rxf4 57.Nh5 Rf3
58.f6 Ne4 59.Rg7 Rf5 60.Rxg4 Nxf6 61.Rg6 Rxh5 62.Rxf6+ Kc7 63.Kf2 Rb5 64.Rf4 b6
65.axb6+ Rxb6 66.Ke3 Kc6 67.Rf6+  1/2-1/2

[Event "38th ch-IND w Challengers"]
[Site "Chennai IND"]
[Date "2011.07.03"]
[Round "2"]
[White "Pon,N"]
[Black "Pushpalata,M"]
[Result "1-0"]
[WhiteElo "2075"]
[BlackElo "1867"]

1.e4 c5 2.Nf3 e6 3.d4 cxd4 4.Nxd4 a6 5.Bd3 Nc6 6.Nb3 Nf6 7.O-O Be7 8.c4 d6
9.Qe2 Bd7 10.Be3 b6 11.Nc3 O-O 12.Rac1 Nb4 13.Rfd1 Nxd3 14.Qxd3 Bc6 15.f3 Qc7
16.Nd5 Bxd5 17.cxd5 Qb7 18.dxe6 fxe6 19.Nd4 Qd7 20.Qb3 Kf7 21.Nc6 b5 22.Ne5+ dxe5
23.Rxd7 Nxd7 24.Rc6 Ke8 25.Rxe6 Rf6 26.Rxf6 gxf6 27.Qg8+ Nf8 28.Bh6 Ra7 29.h4 Bc5+
30.Kh2 Rf7 31.Qg4 Bd4 32.Qc8+ Ke7 33.Bxf8+ Rxf8 34.Qb7+ Kd8 35.Qxa6 Bf2 36.g3 Rf7
37.Kg2 Bd4 38.Qxb5 Rc7 39.b4 Rc2+ 40.Kh3 h5 41.g4 hxg4+ 42.Kxg4 Rg2+ 43.Kf5 Rh2
44.Qc6 Rxh4 45.Ke6 Rh7 46.Kd6 Ra7 47.b5 f5 48.b6  1-0

[Event "1st ch-CHN Rapid Prelim"]
[Site "Hefei CHN"]
[Date "2011.07.03"]
[Round "1"]
[White "Lu Yijie"]
[Black "Ding Liren"]
[Result "0-1"]
[WhiteElo "2370"]
[BlackElo "2654"]

1.e4 c5 2.Nf3 e6 3.d4 cxd4 4.Nxd4 a6 5.Bd3 Nf6 6.O-O d6 7.Qe2 Nbd7 8.c3 Qc7
9.f4 b5 10.a4 bxa4 11.Rxa4 Nc5 12.Rc4 Qb7 13.e5 Nxd3 14.Qxd3 dxe5 15.fxe5 Nd5
16.Qf3 Qd7 17.Nb3 a5 18.Rd1 a4 19.Nc5 Qb5 20.Rxd5 exd5 21.Qxd5 Bb7 22.Qd4 Rd8
23.Qxd8+ Kxd8 24.Bg5+ Ke8  0-1

[Event "1st ch-CHN Rapid Men Prelim"]
[Site "Hefei CHN"]
[Date "2011.07.03"]
[Round "3.16"]
[White "Wang,Yiye"]
[Black "Jia,H"]
[Result "1/2-1/2"]
[WhiteElo "2262"]
[BlackElo "2369"]

1.e4 c5 2.Nf3 e6 3.d4 cxd4 4.Nxd4 a6 5.Bd3 Nf6 6.O-O Qc7 7.Nb3 Be7 8.f4 d6
9.Nc3 Nbd7 10.Qf3 b6 11.g4 Nc5 12.f5 h5 13.fxe6 hxg4 14.Nd5 Qd8 15.exf7+ Kf8
16.Qg2 Nxd5 17.exd5 Nxd3 18.cxd3 Bf6 19.Be3 Ra7 20.Nd4 Qe7 21.Rae1 Qxf7 22.Ne6+ Kg8
23.Bxb6 Rb7 24.Bd8 Rxb2 25.Qxg4 Rhxh2 26.Rxf6 Rbg2+ 27.Qxg2 Rxg2+ 28.Kxg2 gxf6
29.Kf2 Qh5 30.Rg1+ Kh7 31.Nf8+ Kh6 32.Rg6+ Qxg6 33.Nxg6 Kxg6 34.Bc7 Bb7 35.Bxd6 Bxd5
36.a3 Kf5  1/2-1/2

[Event "WCh-IPCA Open A"]
[Site "Piestany SVK"]
[Date "2011.07.03"]
[Round "2"]
[White "Koszela,S"]
[Black "Virfel,Roman"]
[Result "1-0"]
[WhiteElo "1872"]
[BlackElo "1774"]

1.e4 c5 2.Nf3 e6 3.d4 cxd4 4.Nxd4 a6 5.Bd3 Qc7 6.O-O Nc6 7.Be3 Nf6 8.Nd2 Bc5
9.Nxe6 dxe6 10.Bxc5 Ne5 11.Bd4 O-O 12.Nf3 Nxf3+ 13.Qxf3 e5 14.Bc3 b6 15.Qg3 Re8
16.Bd2 Kh8 17.Bg5 Nd7 18.Be3 Nc5 19.Rac1 Bb7 20.f3 Nxd3 21.cxd3 Qd6 22.d4 f6
23.dxe5 Rxe5 24.Rfd1 Qe7 25.Bxb6 Rc8 26.Rxc8+ Bxc8 27.Rd8+  1-0

[Event "XIII Open"]
[Site "Torredembarra ESP"]
[Date "2011.07.03"]
[Round "2"]
[White "Luke Brezmes,C"]
[Black "Alvarez Pedraza,A"]
[Result "0-1"]
[WhiteElo "2074"]
[BlackElo "2551"]

1.e4 c5 2.Nf3 e6 3.d4 cxd4 4.Nxd4 a6 5.Bd3 Ne7 6.c4 Nbc6 7.Be3 Nxd4 8.Bxd4 Nc6
9.Bc3 e5 10.O-O Bc5 11.Na3 O-O 12.Nc2 a5 13.Qf3 d6 14.Ne3 Be6 15.Kh1 a4 16.Nf5 g6
17.Qg3 Kh8 18.Nh4 Bd4 19.Bxd4 Nxd4 20.f4 exf4 21.Qxf4 Nc6 22.Nf3 f6 23.Rad1 Qe7
24.Qe3 Bg4 25.Rd2 Rae8 26.Qb6 Rf7 27.Bc2 Ra8 28.Nd4 Ne5 29.Qb4 Rc8 30.b3 axb3
31.axb3 Qc7 32.Nb5 Qc5 33.Qxc5 dxc5 34.h3 Be6 35.Nd6 Rd7 36.Rxf6 Bg8 37.Rdf2 Rc6
38.Rd2 Rd8 39.g4 h6 40.Rd1 Kg7 41.Rf5 Rcxd6 42.Rxd6 Rxd6 43.Rxe5 Rd2 44.Rxc5 Rxc2
45.Rc7+ Kf6 46.Rxb7 Re2 47.Kg1 Rxe4 48.Kf2 Be6 49.Rh7 Kg5 50.Kf3 Re1 51.Rb7 Kh4
52.Rg7 Kg5 53.Rb7 h5 54.gxh5 gxh5 55.Kf2 Re5 56.Rc7 Kh4 57.b4 Re4 58.b5 Rxc4
59.Re7 Bxh3 60.b6 Rb4 61.b7 Rb2+ 62.Kg1 Bg4 63.Rc7 Kg3 64.Rc3+ Bf3 65.b8=Q+ Rxb8  0-1

[Event "1st ch-CHN Rapid Prelim"]
[Site "Hefei CHN"]
[Date "2011.07.04"]
[Round "4"]
[White "Li Chao2"]
[Black "Wang Chen"]
[Result "1/2-1/2"]
[WhiteElo "2669"]
[BlackElo "2449"]

1.e4 c5 2.Nf3 e6 3.d4 cxd4 4.Nxd4 a6 5.Bd3 Ne7 6.O-O Nbc6 7.Nxc6 Nxc6 8.a4 Be7
9.Be3 O-O 10.Nd2 Ne5 11.Be2 d5 12.f4 d4 13.Bf2 d3 14.fxe5 dxe2 15.Qxe2 Qc7
16.Nc4 Bd7 17.Nb6 Rad8 18.Nxd7 Rxd7 19.Rad1 Rfd8 20.Rxd7 Rxd7 21.Rd1 Rxd1+
22.Qxd1 Qxe5 23.Qd4 Qc7 24.c3 Bd6 25.g3 h5 26.Qb6 Qd7 27.Qd4 Qc7 28.Qb6 Qd7
29.Qd4 Qc7 30.Qb6 Qd7  1/2-1/2

[Event "1st ch-CHN Rapid Men Prelim"]
[Site "Hefei CHN"]
[Date "2011.07.04"]
[Round "5.14"]
[White "Xu,Xiangyu"]
[Black "Wang Li"]
[Result "0-1"]
[WhiteElo "2016"]
[BlackElo "2402"]

1.e4 c5 2.Nf3 e6 3.d4 cxd4 4.Nxd4 a6 5.Bd3 Qb6 6.Nb3 Qc7 7.a4 b6 8.Be3 Nf6
9.f4 d6 10.O-O Bb7 11.N1d2 Nbd7 12.c4 Nc5 13.Nxc5 bxc5 14.Qc2 Be7 15.Nf3 Nd7
16.Bd2 O-O 17.g4 Rfe8 18.g5 Bf8 19.h4 g6 20.h5 Bg7 21.Bc3 Bxc3 22.Qxc3 d5
23.e5 Kf8 24.cxd5 Bxd5 25.Nd2 Reb8 26.a5 Rb4 27.Nc4 Rab8 28.Rf2 Ba8 29.Bf1 Rb3
30.Qc2 Rg3+ 31.Kh2 Rgb3 32.Rd1 Bd5 33.Bg2 Qc6 34.Nb6 Nxb6 35.Qxb3 Bxb3 36.Bxc6 Bxd1
37.axb6 Rxb6 38.Rd2 Bxh5 39.Ba8 Kg7 40.Kg3 Rb3+ 41.Kh4 h6 42.gxh6+ Kxh6 43.Rc2 Rb4
44.Kg3 g5 45.fxg5+ Kxg5 46.Rxc5 Rb3+ 47.Kf2 Rxb2+ 48.Ke3 Rb5 49.Rc1 Rxe5+
50.Kd4 Ra5 51.Rg1+ Kf6 52.Rf1+ Ke7 53.Rb1 f5 54.Rh1 e5+ 55.Kc4 Bf7+ 56.Kb4 Rb5+
57.Ka4 e4 58.Rh7 Kf6 59.Rh6+ Bg6 60.Bc6 Rb8 61.Ka5 e3 62.Kxa6 Kg5 63.Rh1 Bh5
64.Rg1+ Bg4 65.Bb5 Kf4 66.Bd3 Rb2 67.Re1 e2 68.Rg1 Ke3 69.Bb5 Kd4  0-1

[Event "1st ch-CHN Rapid Men Prelim"]
[Site "Hefei CHN"]
[Date "2011.07.04"]
[Round "6.2"]
[White "Wan Yunguo"]
[Black "Yu Yangyi"]
[Result "0-1"]
[WhiteElo "2462"]
[BlackElo "2672"]

1.e4 c5 2.Nf3 e6 3.d4 cxd4 4.Nxd4 a6 5.Bd3 Qb6 6.Nb3 Qc7 7.O-O Nf6 8.f4 d6
9.Nc3 Nbd7 10.Qf3 b5 11.a3 Bb7 12.Bd2 h5 13.Rae1 Be7 14.Qh3 Ng4 15.Kh1 Qb6
16.Nd1 Rc8 17.Ne3 Ndf6 18.Bc3 Nxe3 19.Rxe3 Ng4 20.Bd4 Qd8 21.Rg3 Bh4 22.Rgf3 Bf6
23.f5 Bxd4 24.Nxd4 e5 25.Ne2 Qg5 26.Nc3 h4 27.a4 b4 28.Nd5 Bxd5 29.exd5 Nf6
30.R3f2 Ra8 31.Qf3 O-O 32.g3 h3 33.a5 Rfc8 34.Ra1 Rc5 35.Qe2 Nxd5 36.Bxa6 Ne3
37.Bd3 Raxa5 38.Re1 Ng4 39.Rff1 Nf6 40.Qf3 Ra7 41.Rg1 Qg4 42.Qf2 Rac7 43.Qe3 e4
44.Be2 Qxf5 45.g4 Qg5 46.Bd1 Qxe3 47.Rxe3 Re7 48.Rge1 Rg5 49.Rxh3 Nxg4 50.Bxg4 Rxg4
51.Rb3 Rc7 52.Re2 Rc4 53.Rd2 Rg6 54.Re3 f5  0-1